Music Quiz

Random Music or Lyrics Quiz
Score 0/14 Timer 01:30
0 Plays Today
Question Answer Wrong Answers
Somewhere over the rainbow, way up _____ High
99%
Huge
0.3%
Down
0.4%
Yourself
0.3%
Someday I'll wish upon a _____ Star
95.3%
Moon
0.3%
Wish
0.7%
Jar
0.2%
Somewhere over the rainbow, _____ are blue Skies
94.6%
Dreams
1.1%
Birds
1.7%
Feelings
0.3%
Really do come _____ True
94.5%
Alive
1.3%
Down
0.7%
Calling
0.3%
That's where you'll _____ me Find
94.2%
Brand
0.2%
Bind
0.2%
Mind
0.3%
Away above the _____ tops Chimney
91.7%
Muffin
2.2%
Carrot
0.9%
Disney
0.3%
_____ fly over the rainbow. Why then, oh, why can't I? Birds
91.2%
Flies
0.7%
Pigs
2%
Guys
0.2%
Once in a _____ Lullaby
89.8%
While
7.3%
Library
1%
Firefly
0.4%
Somewhere over the rainbow, bluebirds _____ Fly
88.4%
Cry
3.4%
Sigh
2.7%
Buy
0.1%
And the dreams that you _____ to dream Dare
86.6%
Care
7%
Get
3.2%
Pay
0.4%
And wake up where the _____ are far behind me Clouds
85.1%
Woes
5.8%
Words
0.5%
Crowds
4.5%
If _____ little bluebirds fly beyond the rainbow, why, oh, why can't I? Happy
80.3%
Grumpy
0.3%
Rusty
0.4%
Lucky
12.3%
Where troubles _____ like lemon drops Melt
72.5%
Taste
13.3%
Feel
3.1%
Drop
6.6%
There's a _____ that I heard of, Land
70.3%
Goat
0.2%
Place
28.8%
Herd
0.3%
Remove Ads.
Support Sporcle.
Get the best of Sporcle when you Go Orange. This ad-free experience offers more features, more stats, and more fun while also helping to support Sporcle. Thank you for becoming a member.

You're not logged in!

Compare scores with friends on all Sporcle quizzes.
OR
Log In

Show Comments

Extras

Top Quizzes Today


Score Distribution

Your Account Isn't Verified!

In order to create a playlist on Sporcle, you need to verify the email address you used during registration. Go to your Sporcle Settings to finish the process.

Report this User

Report this user for behavior that violates our Community Guidelines.

Details: